000 00690nam a22001937a 4500
003 BD-DhUL
005 20180523104021.0
008 180522s0000 ii ||||| |||| 00| 0 ben d
040 _aBD-DhUL
_cBD-DhUL
082 _a891.443
_bSAS
100 1 _aসান্ন্যাল, প্রবোধকুমার
245 0 0 _aস্বাগতম্ /
_cপ্রবোধকুমার সান্ন্যাল
250 _a২য় সং.
260 _aকলিকাতা :
_bবেঙ্গল,
_c০০০০।
300 _a১০৮ পৃ. ;
_c১৯ সেমি.।
650 4 _aবাংলা উপন্যাস
650 4 _aBengali fiction
942 _2ddc
_cBK
999 _c241488
_d241488